[Event "Agzamov Memorial 17th"]
[Site "Tashkent"]
[Date "2024.04.03"]
[Round "10"]
[White "Safarli, Eltaj"]
[Black "Khusenkhojaev, Muhammad"]
[Result "1/2-1/2"]
[WhiteElo "2614"]
[BlackElo "2361"]
[PlyCount "120"]
[EventDate "2024.03.27"]
[EventType "swiss"]
[EventRounds "10"]
[EventCountry "UZB"]
[SourceTitle "CB14_2024"]
[SourceDate "2024.04.01"]
[SourceVersion "1"]
[SourceVersionDate "2024.04.01"]
[SourceQuality "1"]

1. e4 e5 2. Nf3 Nc6 3. Bc4 Bc5 4. d3 Nf6 5. Nc3 a6 6. Bg5 h6 7. Bxf6 Qxf6 8. Nd5 Qd8 9. c3 d6 10. d4 Ba7 11. dxe5 Nxe5 12. Nxe5 dxe5 13. Qh5 0-0 14. Qxe5 Be6 15. 0-0-0 Qh4 16. g3 Qg5+ 17. Qxg5 hxg5 18. Bb3 c6 19. Ne3 Bxb3 20. axb3 Bxe3+ 21. fxe3 Rae8 22. Rd7 Rxe4 23. Rxb7 Rxe3 24. Rd1 Rfe8 25. b4 Re2 26. Rd2 f5 27. Rdd7 Rxh2 28. Rxg7+ Kh8 29. Kb1 Rb8 30. Rbc7 c5 31. Rxg5 cxb4 32. cxb4 Rxb4 33. Rc2 Rxc2 34. Kxc2 Rb5 35. g4 fxg4 36. Rxg4 Kh7 37. b3 Kh6 38. Kb2 Rg5 39. Rf4 Kg6 40. Ra4 a5 41. Rf4 Rb5 42. Ka3 Kg5 43. Rf3 Rb4 44. Rc3 Kf6 45. Rc5 Ke6 46. Rxa5 Rb7 47. Rc5 Kd6 48. Rc3 Ra7+ 49. Kb4 Ra8 50. Kb5 Rb8+ 51. Ka6 Kd7 52. Ka5 Ra8+ 53. Kb5 Rb8+ 54. Ka4 Ra8+ 55. Kb4 Rb8+ 56. Ka3 Ra8+ 57. Kb2 Ra6 58. Rc4 Rc6 59. Kc3 Rxc4+ 60. Kxc4 Kc6 1/2-1/2

[Event "Tamil Nadu IM 13th"]
[Site "Chennai"]
[Date "2024.01.20"]
[Round "8"]
[White "Khusenkhojaev, Muhammad"]
[Black "Prasannaa, S."]
[Result "0-1"]
[WhiteElo "2379"]
[BlackElo "2213"]
[PlyCount "136"]
[EventDate "2024.01.16"]
[EventType "tourn"]
[EventRounds "9"]
[EventCountry "IND"]
[SourceTitle "CB04_2024"]
[SourceDate "2023.10.16"]
[SourceVersion "1"]
[SourceVersionDate "2023.10.16"]
[SourceQuality "1"]

1. d4 Nf6 2. c4 g6 3. Nf3 Bg7 4. g3 0-0 5. Bg2 d6 6. Nc3 c5 7. d5 e6 8. 0-0 Re8 9. Ng5 exd5 10. Nxd5 Nbd7 11. Bf4 Nb6 12. Nxf6+ Qxf6 13. Qxd6 Qxd6 14. Bxd6 h6 15. Ne4 Nxc4 16. Bxc5 Bf5 17. Nc3 Nxb2 18. Nb5 Re5 19. Nc7 Rxc5 20. Nxa8 b5 21. a3 Na4 22. Rad1 Bb2 23. Rd8+ Kg7 24. Rb8 Bxa3 25. Rb7 a5 26. Nc7 Nc3 27. Ne8+ Kf8 28. Nd6 Be6 29. Ra7 b4 30. Nb7 Nxe2+ 31. Kh1 Rc7 32. Rxa5 Bc1 33. Nc5 b3 34. Nxe6+ fxe6 35. Be4 Kg7 36. Ra6 Nd4 37. Rd1 Rc4 38. Rd6 Bb2 39. Rb6 Bc3 40. Bd3 Rc7 41. Rc1 g5 42. Kg2 Kf6 43. Kf1 Ke7 44. Rb4 Rc5 45. Rb6 g4 46. Be2 Nxe2 47. Kxe2 b2 48. Rd1 Be5 49. Kd2 Bd4 50. Rb7+ Kf6 51. Rf1 Kg6 52. Kd3 e5 53. Rb1 Rc3+ 54. Ke4 Rc2 55. f4 gxf3 56. Kxf3 Rxh2 57. Rd1 Kf5 58. Rf7+ Ke6 59. Rb7 Kd5 60. g4 Kc4 61. Kg3 Rc2 62. Rh1 Rc1 63. Rxh6 b1Q 64. Rxb1 Rxb1 65. g5 Rg1+ 66. Kh4 Rh1+ 67. Kg4 Rxh6 68. gxh6 e4 0-1

[Event "Tamil Nadu IM 13th"]
[Site "Chennai"]
[Date "2024.01.20"]
[Round "7"]
[White "Ziatdinov, Raset"]
[Black "Khusenkhojaev, Muhammad"]
[Result "0-1"]
[WhiteElo "2100"]
[BlackElo "2379"]
[PlyCount "50"]
[EventDate "2024.01.16"]
[EventType "tourn"]
[EventRounds "9"]
[EventCountry "IND"]
[SourceTitle "CB04_2024"]
[SourceDate "2023.10.16"]
[SourceVersion "1"]
[SourceVersionDate "2023.10.16"]
[SourceQuality "1"]

1. e4 e5 2. Nf3 Nc6 3. Bb5 a6 4. Ba4 Nf6 5. 0-0 Be7 6. Re1 b5 7. Bb3 d6 8. a4 Bd7 9. c3 0-0 10. d4 h6 11. Nh4 Na5 12. axb5 Nxb3 13. Qxb3 axb5 14. Rxa8 Qxa8 15. Ng6 Re8 16. dxe5 Nxe4 17. Nxe7+ Rxe7 18. exd6 Nc5 19. Qd1 Rxe1+ 20. Qxe1 Qa1 21. Bd2 cxd6 22. Na3 Qxb2 23. Qc1 Qa2 24. Nc2 Nb3 25. Qd1 Nxd2 0-1

[Event "Qingdao SCO Teams 5th"]
[Site "Qingdao"]
[Date "2023.12.18"]
[Round "7.13"]
[White "Khusenkhojaev, Muhammad"]
[Black "Gong, Sunle"]
[Result "1/2-1/2"]
[WhiteElo "2366"]
[BlackElo "2175"]
[PlyCount "108"]
[EventDate "2023.12.17"]
[EventType "team-tourn (rapid)"]
[EventRounds "9"]
[EventCountry "CHN"]
[SourceTitle "CB52_2023"]
[SourceDate "2023.12.27"]
[SourceVersion "1"]
[SourceVersionDate "2023.12.27"]
[SourceQuality "1"]
[WhiteTeam "Tajikistan"]
[BlackTeam "China Shanghai"]
[WhiteTeamCountry "TJK"]
[BlackTeamCountry "CHN"]

1. d4 d5 2. c4 e6 3. Nf3 Nf6 4. g3 Bb4+ 5. Bd2 Be7 6. Bg2 0-0 7. Qc2 c6 8. 0-0 Nbd7 9. Bf4 b6 10. Nbd2 Bb7 11. e4 dxe4 12. Nxe4 c5 13. Nxf6+ Nxf6 14. Rad1 Qc8 15. Qe2 cxd4 16. Nxd4 a6 17. b3 Rd8 18. Rd3 Bxg2 19. Kxg2 Qb7+ 20. Qf3 Qxf3+ 21. Kxf3 Rd7 22. Rfd1 Rad8 23. Ke2 Bc5 24. Be3 Ng4 25. Nxe6 Rxd3 26. Nxd8 Rxd1 27. Kxd1 Nxe3+ 28. fxe3 Bxe3 29. Ke2 Bc5 30. Kf3 Kf8 31. Nc6 h5 32. b4 Bd6 33. Ke4 g6 34. Kd5 Bc7 35. Nd4 h4 36. gxh4 Bxh2 37. Nf3 Bf4 38. Kc6 Be3 39. Kd6 f6 40. c5 bxc5 41. bxc5 Ke8 42. c6 Kd8 43. Ke6 g5 44. h5 g4 45. Nh4 Bg5 46. Nf5 Kc7 47. Kd5 Bf4 48. Ke4 Bc1 49. Ne3 Kxc6 50. h6 f5+ 51. Nxf5 Bxh6 52. Nxh6 g3 53. Kf3 Kb5 54. Nf5 Ka4 1/2-1/2

[Event "Qingdao SCO Teams 5th"]
[Site "Qingdao"]
[Date "2023.12.17"]
[Round "3.10"]
[White "Orozbaev, Eldiar"]
[Black "Khusenkhojaev, Muhammad"]
[Result "1-0"]
[WhiteElo "2305"]
[BlackElo "2366"]
[PlyCount "127"]
[EventDate "2023.12.17"]
[EventType "team-tourn (rapid)"]
[EventRounds "9"]
[EventCountry "CHN"]
[SourceTitle "CB52_2023"]
[SourceDate "2023.12.27"]
[SourceVersion "1"]
[SourceVersionDate "2023.12.27"]
[SourceQuality "1"]
[WhiteTeam "Kyrgyzstan"]
[BlackTeam "Tajikistan"]
[WhiteTeamCountry "KGZ"]
[BlackTeamCountry "TJK"]

1. e4 e5 2. Nc3 Nf6 3. d4 exd4 4. Qxd4 Nc6 5. Qd3 Bc5 6. Qg3 Qe7 7. Bg5 h6 8. Bxf6 Qxf6 9. f4 d6 10. 0-0-0 0-0 11. Nd5 Qd8 12. Nf3 Nb4 13. Nxb4 Bxb4 14. Bc4 c6 15. e5 Qe7 16. a3 d5 17. Bd3 Ba5 18. f5 f6 19. e6 c5 20. Be2 Rd8 21. Nh4 Qc7 22. Bh5 Qxg3 23. hxg3 Rd6 24. Bf7+ Kh7 25. Ng6 b5 26. g4 Bb7 27. Nf8+ Rxf8 28. e7 Rb8 29. e8Q Rxe8 30. Bxe8 a6 31. Bg6+ Kg8 32. c3 Kf8 33. Rhe1 Rd8 34. Re6 Bc7 35. Rde1 Be5 36. g5 d4 37. cxd4 cxd4 38. R1xe5 fxe5 39. f6 Bd5 40. gxh6 gxf6 41. Rxf6+ Ke7 42. Rxa6 e4 43. h7 e3 44. Bd3 Bc4 45. Ra7+ Kf6 46. Rd7 Re8 47. Bxc4 bxc4 48. Rxd4 e2 49. h8Q+ Rxh8 50. Kd2 Rb8 51. Rxc4 Rxb2+ 52. Ke1 Ra2 53. a4 Kf5 54. Rb4 Kg5 55. Re4 Kf5 56. Rd4 Ke5 57. Rb4 Kf5 58. g3 Ke5 59. Kf2 Kf5 60. Rb5+ Ke4 61. a5 e1Q+ 62. Kxe1 Kf3 63. Rg5 Ke3 64. Kd1 1-0

[Event "Titled Tuesday intern op 25th Jul Early"]
[Site "Chess.com INT"]
[Date "2023.07.25"]
[Round "4"]
[White "Luxama, Jacques Muller"]
[Black "Khusenkhojaev, Muhammad"]
[Result "1-0"]
[WhiteElo "1933"]
[BlackElo "2375"]
[PlyCount "55"]
[EventDate "2023.07.25"]
[EventType "swiss (blitz)"]
[EventRounds "11"]
[EventCountry "USA"]
[SourceTitle "EXT 2024"]
[Source "ChessBase"]
[SourceDate "2023.10.10"]
[SourceVersion "1"]
[SourceVersionDate "2023.10.10"]
[SourceQuality "1"]

1. e4 c5 2. Nf3 d6 3. Bb5+ Bd7 4. Bxd7+ Qxd7 5. 0-0 Nc6 6. c3 Nf6 7. Re1 e6 8. d4 cxd4 9. cxd4 d5 10. e5 Ne4 11. a3 Be7 12. Qd3 0-0 13. Nbd2 Nxd2 14. Bxd2 a5 15. h4 h6 16. g4 f5 17. exf6 Rxf6 18. g5 hxg5 19. hxg5 Rf5 20. Kg2 Raf8 21. Rh1 e5 22. dxe5 Qe6 23. Rae1 d4 24. Rh3 Qd5 25. Qe4 Qxe4 26. Rxe4 Bc5 27. e6 g6 28. Reh4 1-0

[Event "Issykkul op"]
[Site "Korumdu"]
[Date "2023.07.16"]
[Round "6"]
[White "Shturman, Arseniy"]
[Black "Khusenkhojaev, Muhammad"]
[Result "0-1"]
[WhiteElo "2076"]
[BlackElo "2375"]
[PlyCount "122"]
[EventDate "2023.07.12"]
[EventType "swiss"]
[EventRounds "10"]
[EventCountry "KGZ"]
[SourceTitle "CBM 215 Extra"]
[Source "ChessBase"]
[SourceDate "2023.09.30"]
[SourceVersion "1"]
[SourceVersionDate "2023.09.30"]
[SourceQuality "1"]

1. e4 e5 2. Nf3 Nc6 3. Nc3 Nf6 4. d4 exd4 5. Nxd4 Bb4 6. Nxc6 bxc6 7. Bd3 d5 8. exd5 cxd5 9. 0-0 0-0 10. h3 c6 11. Qf3 Bd6 12. Re1 Rb8 13. b3 Be6 14. Bb2 c5 15. Nb5 Be7 16. Be5 c4 17. Bxb8 Qxb8 18. bxc4 dxc4 19. Rxe6 fxe6 20. Bxc4 Bc5 21. Rf1 Qe5 22. Qc3 Qh5 23. g4 Qf7 24. Qe5 Nd5 25. Bxd5 exd5 26. Qg3 Kh8 27. Nc3 Bb6 28. Qd3 d4 29. Ne2 Qd5 30. Nc3 Qe5 31. Ne4 h6 32. Kg2 Re8 33. f3 Bc7 34. Rh1 Rb8 35. Qa3 a5 36. Kf2 Qf4 37. Kg2 Rb4 38. Kf2 Bb6 39. Kg2 Qe3 40. Qxe3 dxe3 41. Re1 Rb2 42. Re2 Rxa2 43. Nc3 Ra3 44. Nd5 Bc5 45. c3 a4 46. f4 Rb3 47. Nxe3 a3 48. Nc4 Rxc3 49. Ne5 Kh7 50. h4 g6 51. g5 Rb3 52. Nc4 Rc3 53. Ne5 Be3 54. Ng4 Bxf4 55. Nf6+ Kg7 56. Nd5 Rg3+ 57. Kf2 hxg5 58. hxg5 Bd6 59. Nf6 Rb3 60. Re6 Bc5+ 61. Kg2 a2 0-1

[Event "Issykkul op"]
[Site "Korumdu"]
[Date "2023.07.13"]
[Round "3"]
[White "Erzhanov, Arman"]
[Black "Khusenkhojaev, Muhammad"]
[Result "0-1"]
[WhiteElo "2198"]
[BlackElo "2375"]
[PlyCount "82"]
[EventDate "2023.07.12"]
[EventType "swiss"]
[EventRounds "10"]
[EventCountry "KGZ"]
[SourceTitle "CBM 215 Extra"]
[Source "ChessBase"]
[SourceDate "2023.09.30"]
[SourceVersion "1"]
[SourceVersionDate "2023.09.30"]
[SourceQuality "1"]

1. e4 c6 2. d4 d5 3. exd5 cxd5 4. Bd3 Nc6 5. c3 Nf6 6. h3 e5 7. dxe5 Nxe5 8. Nf3 Nxd3+ 9. Qxd3 Bd6 10. 0-0 0-0 11. Bg5 h6 12. Bh4 g5 13. Bg3 Bxg3 14. fxg3 Ne4 15. Nd4 f5 16. Nd2 Qb6 17. Nxe4 dxe4 18. Qc4+ Rf7 19. Kh2 Qg6 20. Qd5 Bd7 21. Qxb7 Re8 22. Qd5 Kh7 23. Rae1 f4 24. c4 Bc8 25. Qc6 Rf6 26. Qc7+ Rf7 27. Qc6 Rf6 28. Qc7+ Rf7 29. Qc6 Rd7 30. Qxg6+ Kxg6 31. Nb3 fxg3+ 32. Kxg3 Rd3+ 33. Kf2 Re5 34. Nc1 e3+ 35. Kg3 Rd2 36. Re2 h5 37. Rf3 Bb7 38. Rf1 Rf5 39. Rfe1 Rf2 40. Rxd2 h4+ 41. Kh2 exd2 0-1

[Event "Almaty Academy IM2 12"]
[Site "Almaty"]
[Date "2022.12.17"]
[Round "2"]
[White "Averin, Nikolay"]
[Black "Khusenkhojaev, Muhammad"]
[Result "0-1"]
[WhiteElo "2342"]
[BlackElo "2394"]
[PlyCount "148"]
[EventDate "2022.12.16"]
[EventType "tourn"]
[EventRounds "9"]
[EventCountry "KAZ"]
[EventCategory "3"]
[SourceTitle "CBM 211 Extra"]
[Source "ChessBase"]
[SourceDate "2023.01.31"]
[SourceVersion "1"]
[SourceVersionDate "2023.01.31"]
[SourceQuality "1"]

1. e4 e5 2. Nf3 Nc6 3. Bb5 a6 4. Ba4 Nf6 5. 0-0 b5 6. Bb3 Bc5 7. c3 d6 8. d4 Bb6 9. a4 Bb7 10. Re1 0-0 11. Bg5 h6 12. Bh4 b4 13. d5 Na5 14. cxb4 Nxb3 15. Bxf6 Qxf6 16. Qxb3 Qf4 17. Qc4 f5 18. Nc3 Rf7 19. Re2 Raf8 20. a5 Ba7 21. Nd2 Qh4 22. Rf1 Bc8 23. exf5 Bd4 24. Nce4 Rxf5 25. Ng3 Rf4 26. Qxc7 Bg4 27. Nf3 Rxf3 28. gxf3 Rxf3 29. Re3 Bxe3 30. fxe3 Rxg3+ 31. hxg3 Qxg3+ 32. Kh1 Bf3+ 33. Rxf3 Qxf3+ 34. Kh2 Qe2+ 35. Kh1 Qd1+ 36. Kh2 Qd2+ 37. Kg1 Qxe3+ 38. Kh2 Qf2+ 39. Kh1 Qf1+ 40. Kh2 Qf4+ 41. Kg1 e4 42. Qc8+ Kh7 43. Qxa6 Qe3+ 44. Kf1 Qc1+ 45. Kf2 Qxb2+ 46. Qe2 Qxb4 47. a6 Qd4+ 48. Qe3 Qxd5 49. a7 Qa2+ 50. Kg3 d5 51. Qf2 Qb3+ 52. Kg2 Qb7 53. Qa2 Qa8 54. Qa5 d4 55. Qf5+ Kh8 56. Qd7 e3+ 57. Kg3 d3 58. Qc7 e2 59. Qb8+ Kh7 60. Qxa8 e1Q+ 61. Kh3 Qe3+ 62. Kg2 d2 63. Qd5 Qxa7 64. Qd3+ g6 65. Qxd2 h5 66. Kh2 Qe7 67. Qd3 Qf6 68. Qd7+ Kh6 69. Qd2+ g5 70. Kg2 Qe5 71. Qb4 Qe2+ 72. Kh1 Qf1+ 73. Kh2 Qf4+ 74. Qxf4 gxf4 0-1

[Event "Titled Tuesday intern op 16th Aug Early"]
[Site "Chess.com INT"]
[Date "2022.08.16"]
[Round "6"]
[White "Khusenkhojaev, Muhammad"]
[Black "Filippova, Margarita"]
[Result "1-0"]
[WhiteElo "2397"]
[BlackElo "2069"]
[PlyCount "91"]
[EventDate "2022.08.16"]
[EventType "swiss (blitz)"]
[EventRounds "11"]
[EventCountry "USA"]
[SourceTitle "EXT 2023"]
[Source "ChessBase"]
[SourceDate "2022.10.05"]
[SourceVersion "1"]
[SourceVersionDate "2022.10.05"]
[SourceQuality "1"]

1. b3 Nf6 2. Bb2 d5 3. Nf3 c5 4. e3 Nc6 5. Bb5 Qb6 6. a4 a6 7. a5 Qc7 8. Bxc6+ Qxc6 9. 0-0 Bg4 10. Nc3 e6 11. Na4 Be7 12. Nb6 Rd8 13. h3 Bh5 14. Ra4 0-0 15. Rh4 Bg6 16. Ne5 Qc7 17. Nxg6 fxg6 18. Ra4 e5 19. d3 d4 20. e4 Kh8 21. Rc4 Qb8 22. Ba3 Nd7 23. Nxd7 Rxd7 24. Bxc5 Bxc5 25. Rxc5 Qd6 26. Rd5 Qc6 27. Rxd7 Qxd7 28. Qd2 Rc8 29. Rb1 Qc7 30. Rb2 Qc5 31. b4 Qb5 32. Qg5 Qa4 33. Kh2 Qa3 34. Rb3 Qa2 35. Qxe5 Qxc2 36. Qe6 Qc7+ 37. e5 Rd8 38. b5 axb5 39. Rxb5 h6 40. Qxg6 Rf8 41. Qd6 Qc8 42. Qxd4 Rd8 43. Rd5 Re8 44. Rd7 Qb8 45. f4 Qc8 46. e6 1-0

[Event "Titled Tuesday intern op 16th Aug Early"]
[Site "Chess.com INT"]
[Date "2022.08.16"]
[Round "4"]
[White "Yurovskich, Oleksandr"]
[Black "Khusenkhojaev, Muhammad"]
[Result "1-0"]
[WhiteElo "2328"]
[BlackElo "2397"]
[PlyCount "49"]
[EventDate "2022.08.16"]
[EventType "swiss (blitz)"]
[EventRounds "11"]
[EventCountry "USA"]
[SourceTitle "EXT 2023"]
[Source "ChessBase"]
[SourceDate "2022.10.05"]
[SourceVersion "1"]
[SourceVersionDate "2022.10.05"]
[SourceQuality "1"]

1. d4 Nf6 2. Nf3 e6 3. Bf4 d5 4. e3 c5 5. c3 Bd6 6. Bg3 Qc7 7. dxc5 Qxc5 8. Nbd2 0-0 9. Bd3 Nbd7 10. Qe2 b6 11. e4 dxe4 12. Nxe4 Nxe4 13. Qxe4 Nf6 14. Qxa8 Bxg3 15. hxg3 Ba6 16. Qxf8+ Kxf8 17. Bxa6 b5 18. a4 b4 19. 0-0 g5 20. Rac1 g4 21. Nd4 Kg7 22. Rfe1 Nd5 23. Rxe6 bxc3 24. bxc3 Nxc3 25. Re3 1-0

[Event "Olympiad-44"]
[Site "Chennai"]
[Date "2022.08.01"]
[Round "4.1"]
[White "Khusenkhojaev, Muhammad"]
[Black "Dardha, Daniel"]
[Result "0-1"]
[WhiteElo "2397"]
[BlackElo "2575"]
[PlyCount "66"]
[EventDate "2022.07.29"]
[EventType "team-swiss"]
[EventRounds "11"]
[EventCountry "IND"]
[SourceTitle "CBM 210"]
[Source "ChessBase"]
[SourceDate "2022.10.31"]
[SourceVersion "1"]
[SourceVersionDate "2022.10.31"]
[SourceQuality "1"]
[WhiteTeam "Tajikistan"]
[BlackTeam "Belgium"]
[WhiteTeamCountry "TJK"]
[BlackTeamCountry "BEL"]

1. d4 d5 2. c4 e6 3. cxd5 exd5 4. Nc3 c6 5. Nf3 Bd6 6. Bg5 Ne7 7. e3 0-0 8. Bd3 Bg4 9. Qc2 h6 10. Bh4 Qd7 11. Bg3 Bf5 12. Bxd6 Bxd3 13. Qxd3 Qxd6 14. 0-0 Nd7 15. Rab1 a6 16. h3 Rae8 17. b4 b5 18. a4 Nc8 19. a5 Qe7 20. Ne2 Nd6 21. Qc3 Nc4 22. Nf4 Nf6 23. Nd2 g5 24. Nd3 g4 25. hxg4 Nxg4 26. Nf3 Kh8 27. Nc5 Rg8 28. Qd3 Rg7 29. Qf5 Reg8 30. Kh1 Nd2 31. Rbd1 Nxf3 32. Qxf3 Qh4+ 33. Qh3 Nxf2+ 0-1

[Event "Almaty 2nd"]
[Site "Almaty"]
[Date "2022.05.01"]
[Round "8"]
[White "Madaminov, Mukhiddin"]
[Black "Khusenkhojaev, Muhammad"]
[Result "1-0"]
[WhiteElo "2328"]
[BlackElo "2422"]
[PlyCount "115"]
[EventDate "2022.04.25"]
[EventType "tourn"]
[EventRounds "9"]
[EventCountry "KAZ"]
[EventCategory "1"]
[SourceTitle "EXT 2023"]
[Source "ChessBase"]
[SourceDate "2022.10.05"]
[SourceVersion "1"]
[SourceVersionDate "2022.10.05"]
[SourceQuality "1"]

1. e4 e5 2. Nf3 Nc6 3. d4 exd4 4. Nxd4 Nf6 5. Nxc6 bxc6 6. e5 Qe7 7. Qe2 Nd5 8. c4 Nb6 9. Nc3 Qe6 10. Qe4 Ba6 11. b3 0-0-0 12. Bb2 f6 13. exf6 Qxf6 14. Qf3 Re8+ 15. Be2 Qxf3 16. gxf3 d5 17. Kf1 Bb4 18. Rg1 Re7 19. a3 Bxc3 20. Bxc3 Rhe8 21. Bd3 dxc4 22. bxc4 Bxc4 23. Bxc4 Nxc4 24. Rg4 Nd6 25. Rxg7 Rxg7 26. Bxg7 Nf5 27. Bb2 Kb7 28. Rd1 Kb6 29. Rd7 Re7 30. Rd8 c5 31. f4 Re4 32. Be5 c4 33. Rh8 h6 34. f3 Re3 35. Rf8 Rxf3+ 36. Ke2 Nh4 37. Rf6+ Kb5 38. Rxh6 Rh3 39. f5 Re3+ 40. Kxe3 Nxf5+ 41. Kf4 Nxh6 42. Bg7 Nf7 43. h4 Ka4 44. Kf5 Kb3 45. Kg6 Nd8 46. Kf6 c3 47. h5 Nb7 48. Bh6 Nc5 49. Bc1 Kc2 50. Bf4 Kd3 51. h6 Ne4+ 52. Kg6 Nd2 53. Be5 c2 54. Bb2 Nc4 55. Bc1 Ke2 56. h7 Ne5+ 57. Kf5 Nf7 58. Kf6 1-0